Представление документа в формате MARC21

ПолеНазваниеЗначение
  Тип записи m
  Библиографический уровень m
001 Контрольный номер e6a1003cc8e843278453e1c792768718
005 Дата корректировки 20250721123735.0
041 Код языка издания 00
a Код языка текста rus
080 Индекс УДК 00
a Индекс УДК 37.015.3(04)+796.071.4(04)
090 Шифры 00
x Авторский знак Л 869
c Каталожный индекс 37.015.3(04)+796.071.4(04)
100 Автор 10
a Автор Луценко Ю.В.
q Полное имя Луценко Юлия Владиславовна
245 Заглавие 00
a Заглавие Формирование психологического климата спортивной команды в тренерской деятельности
b Продолж. заглавия автореферат диссертации на соискание ученой степени кандидата психологических наук : 19.00.07
c Ответственность Санкт-Петербургская государственная академия физической культуры им. П.Ф. Лесгафта
256 Характеристики компьютерного файла __
a Характеристики компьютерного файла Электрон. текстовые дан. (1 файл : 13,0 МБ
260 Выходные данные 00
a Место издания Санкт-Петербург
c Дата издания 1997
300 Физическое описание 00
a Объем Электрон. дан. (1 файл)
336 Вид содержания __
a Термин вида содержания Текст
337 Средство доступа __
a Термин типа средства электронный
500 Примечания __
a Примечание Режим доступа: Электронный каталог библиотеки. - Загл. с титула экрана. - Электрон. копия печ. версии
650 Тематические рубрики _4
a Предметная рубрика АВТОРЕФЕРАТЫ
650 Тематические рубрики 04
a Предметная рубрика ФИЗКУЛЬТУРА И СПОРТ
650 Тематические рубрики 04
a Предметная рубрика ЭЛЕКТРОННАЯ БИБЛИОТЕКА
653 Ключевые слова 00
a Ключевые слова АКМЕОЛОГИЯ
a Ключевые слова ПЕДАГОГИЧЕСКАЯ ПСИХОЛОГИЯ
a Ключевые слова ПЛАВАНИЕ СПОРТИВНОЕ
a Ключевые слова ПСИХОЛОГИЧЕСКАЯ СОВМЕСТИМОСТЬ
a Ключевые слова СПОРТИВНЫЕ ИГРЫ
a Ключевые слова ТРЕНЕРСКАЯ ДЕЯТЕЛЬНОСТЬ
700 Другие авторы 12
a Другие авторы Волков И.П.
e Роль лиц Научный руководитель
a Другие авторы Панферов В.Н.
e Роль лиц Официальный оппонент
a Другие авторы Сафонов В.К.
e Роль лиц Официальный оппонент
900 Макрообъекты __
a Имя макрообъекта Луценко Ю.В. (автореф.)(018541)
901 Тип документа __
t Тип документа r
999 Фонд __
a Фонд автореф. 2025 ЭР